| 000 | 00619nam a2200193Ia 4500 | ||
|---|---|---|---|
| 003 | GCL | ||
| 008 | 140319s9999 xx 000 0 ara d | ||
| 020 | _a0066149977 | ||
| 040 |
_aGCL / _cGCL |
||
| 082 | 0 | 4 |
_a515.22 _bا ن |
| 100 | 1 | _aاميل شكرالله | |
| 245 | 1 | 0 |
_aنظرية وطرق تقريب الدوال / _cاميل شكرالله |
| 260 |
_aالقاهرة : _bالاكاديمية الحديثة للكتاب الجامعى ، _c2005 |
||
| 300 |
_a130 ص ؛ _c28 سم |
||
| 650 | 0 | 4 | _aالدوال |
| 650 | 0 | 4 | _aالدوال - خواص |
| 650 | 0 | 4 | _aالدوال - عمليات |
| 942 |
_2ddc _cBK |
||
| 999 |
_c50867 _d50867 |
||